PMP Exam Prep: Rita's Course in a Book for Passing the PMP Exam (Record no. 10167)

000 -LEADER
fixed length control field 00469 a2200157 4500
020 ## - INTERNATIONAL STANDARD BOOK NUMBER
International Standard Book Number 1932735003
040 ## - CATALOGING SOURCE
Original cataloging agency DLC
Language of cataloging DLC
100 ## - MAIN ENTRY--PERSONAL NAME
Personal name Mulcahy, Rita
245 ## - TITLE STATEMENT
Title PMP Exam Prep: Rita's Course in a Book for Passing the PMP Exam
Statement of responsibility, etc. Rita Mulcahy
250 ## - EDITION STATEMENT
Edition statement 5th ed.
260 ## - PUBLICATION, DISTRIBUTION, ETC.
Place of publication, distribution, etc. USA:
Name of publisher, distributor, etc. RMC Publications, Inc.,
Date of publication, distribution, etc. 2005.
300 ## - PHYSICAL DESCRIPTION
Extent ix, 445 p. :
Other physical details ill. ;
Dimensions 28 cm. +
Accompanying material 1 CD ROM
500 ## - GENERAL NOTE
General note Include index.
650 ## - SUBJECT ADDED ENTRY--TOPICAL TERM
Topical term or geographic name entry element Project management
942 ## - ADDED ENTRY ELEMENTS (KOHA)
Koha item type Book
Call number prefix 658.404076 MUL
Source of classification or shelving scheme
Holdings
Withdrawn status Lost status Damaged status Not for loan Collection code Permanent Location Current Location Shelving location Date acquired Source of acquisition Cost, normal purchase price Total Checkouts Full call number Barcode Date last seen Date last checked out Price effective from Koha item type
          Central Library (CL) Central Library (CL) General Stacks 07/16/2010 Donation 0.00 1 658.404076 MUL SEECS010143 06/26/2019 11/23/2018 01/05/2017 Book
© 2023 Central Library, National University of Sciences and Technology. All Rights Reserved.